Please Please Please - Sabrina Carpenter (All Lyrics) - Statistics

General Stats
  • This quiz has been taken 78 times
    60 since last reset
  • The average score is 216 of 262
Answer Stats
Lyrics % Correct
I
100%
a
98%
you,
98%
you
98%
an
95%
the
95%
to
95%
Please,
93%
please,
93%
please
93%
(Please
93%
(Please)
93%
Please
93%
(Please),
93%
and
91%
And
91%
do
91%
don't
91%
Don't
91%
I'm
91%
is
91%
it
91%
It's
91%
it's
91%
(It's
91%
just
91%
know
91%
so
91%
be
88%
go
88%
make
88%
me
88%
me,
88%
nice
88%
nice,
88%
have
86%
my
86%
tears
86%
your
86%
did
84%
ego's
84%
(Ego's
84%
'em
84%
makeup
84%
one
84%
right
84%
right?)
84%
right)
84%
that
84%
thing,
84%
thing
84%
thing),
84%
when
84%
another
81%
another)
81%
bring
81%
fun
81%
Heartbreak
81%
(Heartbreak
81%
in
81%
prove
81%
you're
81%
beg
79%
But
79%
but
79%
good
79%
inside
77%
judgement,
77%
motherfucker,
77%
taste
77%
tell
77%
them
77%
embarrass
74%
fan
74%
feel
74%
oh
74%
only
74%
we
74%
act
72%
baby
72%
ceiling
72%
guy
72%
idea,
72%
like
72%
some
72%
way
72%
air,
70%
babe
70%
everyone
70%
if
70%
If
70%
ironic
70%
of
70%
actor,
67%
could
67%
fresh
67%
funny
67%
no
67%
stay
67%
cravin'
65%
culture
65%
eyes
65%
let
65%
maybe
65%
their
65%
tonight
65%
front
63%
happily
63%
him
63%
live
63%
out
63%
rolls
63%
stand-up
63%
stupid
63%
wanna
63%
with
63%
(Ah)
60%
All
60%
asking,
60%
devil's
60%
heard
60%
knows
60%
really
60%
really,
60%
Whatever
60%
Yeah,
60%
different
58%
kidding,
58%
makes
58%
promise
58%
want
58%
cry
56%
hate
56%
mistakes
56%
music
53%
prolifically
30%
Well,
28%
No matching quizzes found
Score Distribution
Percent of People with Each Score
Percentile by Number Answered
Your Score History
You have not taken this quiz since the last reset